00442 2200169 4500001002100000008004100021020002200062035002000084082000800104084001400112100001800126245005900144260002400203300002000227650001000247990001500257INLIS000000000003237 ind  a978-602-06-5172-9 a0010-1225000058 a813 a813 TSU t aTsuboi, Sakae aTwenty Four Eyes (Dua Belas Pasang Mata)cSakae Tsuboi aJakarta :bGramedia a248c13,5x20 cm aFiksi a19712/B/26